| 000 | 01124cam a2200361 i 4500 | ||
|---|---|---|---|
| 001 | 46369 | ||
| 005 | 20230411085958.0 | ||
| 008 | 790315t1961 ag b 001 0 spa | ||
| 035 | _a(OCoLC)ocm15844034 | ||
| 040 |
_aNLC _beng _cNLC _dUBA _dOCL _dOCLCQ |
||
| 016 | _a79001744X | ||
| 029 | 0 |
_aNLC _b79001744X |
|
| 035 | _a(OCoLC)15844034 | ||
| 041 | 1 |
_aspa _heng |
|
| 055 | 0 | 0 |
_aBD 541 _bB942c 1961 |
| 082 | 0 | 0 | _a122 |
| 049 | _aGRAL | ||
| 100 | 1 | _aBunge, Mario Augusto. | |
| 245 | 1 | 0 |
_aCausalidad : _bel principio de causalidad en la ciencia moderna / _cMario Bunge ; [traducción por Hernán Rodriguez]. |
| 250 | _a3a ed. | ||
| 260 |
_a[Buenos Aires] : _bEditorial Universitaria de Buenos Aires, _cc1961. |
||
| 300 |
_a403 p. ; _c23 cm. |
||
| 490 | 0 | _aBiblioteca del universitario : Temas, filosofía | |
| 500 | _aTranslation of Causality. | ||
| 504 | _aIncludes bibliographical references (p. 369-376) and index. | ||
| 650 | 0 | _aCausation. | |
| 650 | 0 |
_aPhysics _xPhilosophy. |
|
| 650 | 6 | _aCausalité. | |
| 650 | 7 |
_aFilosofia. _2larpcal |
|
| 942 |
_2lcc _cbk |
||
| 946 | _aclperez | ||
| 994 |
_aC0 _bDRFGD |
||
| 999 |
_c110376 _d110376 |
||